Строение металлов, деформированных взрывом

Podrobná bibliografie
Hlavní autor: Эпштейн Г. Н. Григорий Наумович
Jazyk:ruština
Vydáno: Москва, Металлургия, 1988
Vydání:2-е изд. перераб. и доп.
Témata:
Médium: MixedMaterials Kniha
KOHA link:https://koha.lib.tpu.ru/cgi-bin/koha/opac-detail.pl?biblionumber=373449

MARC

LEADER 00000nam0a2200000 4500
001 373449
005 20231102012551.0
010 |a 5229000813 
035 |a (RuTPU)RU\TPU\retro\30878 
035 |a RU\TPU\book\270815 
090 |a 373449 
100 |a 20221216d1988 k y0rusy50 ca 
101 0 |a rus 
102 |a RU 
105 |a a z 000zy 
200 1 |a Строение металлов, деформированных взрывом  |f Г. Н. Эпштейн 
205 |a 2-е изд. перераб. и доп. 
210 |a Москва  |c Металлургия  |d 1988 
215 |a 280 с.  |c ил. 
606 1 |a Металлообработка энергией взрыва  |2 stltpush  |3 (RuTPU)RU\TPU\subj\42541  |9 62205 
610 1 |a ударные волны 
610 1 |a деформирование 
610 1 |a взрыв 
610 1 |a металлы 
675 |a 621.7.044.2  |v 3 
700 1 |a Эпштейн  |b Г. Н.  |g Григорий Наумович 
801 1 |a RU  |b 63413507  |c 20140128 
801 2 |a RU  |b 63413507  |c 20221216  |g RCR 
942 |c BK